| Tag |
First Indicator |
Second Indicator |
Subfields |
| LEADER |
00000cam a2200000 a 4500 |
| 001 |
in00002115613 |
| 005 |
20151103050455.0 |
| 008 |
060214s2006 enk b 001 0 eng |
| 010 |
|
|
|a 2006048335
|
| 015 |
|
|
|a GBA636758
|2 bnb
|
| 016 |
7 |
|
|a 013437643
|2 Uk
|
| 020 |
|
|
|a 1403940762
|
| 020 |
|
|
|a 9781403940766
|
| 020 |
|
|
|a 1403940770 (pbk.)
|
| 020 |
|
|
|a 9781403940773 (pbk.)
|
| 029 |
1 |
|
|a YDXCP
|b 2219139
|
| 029 |
1 |
|
|a YDXCP
|b 2219140
|
| 035 |
|
|
|a (OCoLC)ocm65469097
|
| 035 |
|
|
|a (OCoLC)65469097
|
| 040 |
|
|
|a DLC
|c DLC
|d UKM
|d BAKER
|d C#P
|d VP@
|d YDXCP
|d BTCTA
|d UtOrBLW
|
| 049 |
|
|
|a TXAM
|
| 050 |
0 |
0 |
|a PR2812
|b .E84 2006
|
| 082 |
0 |
0 |
|a 822.3/3
|2 22
|
| 100 |
1 |
|
|a Ewert, Kevin,
|d 1965-
|
| 245 |
1 |
0 |
|a Henry V /
|c Kevin Ewert.
|
| 264 |
|
1 |
|a Houndmills, Basingstoke, Hampshire ;
|a New York :
|b Palgrave Macmillan,
|c 2006.
|
| 300 |
|
|
|a vii, 166 pages ;
|c 21 cm.
|
| 336 |
|
|
|a text
|b txt
|2 rdacontent
|
| 337 |
|
|
|a unmediated
|b n
|2 rdamedia
|
| 338 |
|
|
|a volume
|b nc
|2 rdacarrier
|
| 490 |
1 |
|
|a The Shakespeare handbooks
|
| 504 |
|
|
|a Includes bibliographical references (pages 157-163) and index.
|
| 600 |
1 |
0 |
|a Shakespeare, William,
|d 1564-1616.
|t Henry V.
|
| 600 |
0 |
0 |
|a Henry
|b V,
|c King of England,
|d 1387-1422
|x In literature.
|
| 650 |
|
0 |
|a Kings and rulers in literature.
|
| 600 |
1 |
0 |
|a Shakespeare, William,
|d 1564-1616
|x Stage history.
|
| 600 |
1 |
0 |
|a Shakespeare, William,
|d 1564-1616
|v Film adaptations.
|
| 830 |
|
0 |
|a Shakespeare handbooks (Palgrave Macmillan (Firm))
|
| 856 |
4 |
1 |
|3 Table of contents only
|u http://www.loc.gov/catdir/enhancements/fy0662/2006048335-t.html
|t 0
|
| 938 |
|
|
|a Baker & Taylor
|b BKTY
|c 16.95
|d 16.95
|i 1403940770
|n 0006447932
|s active
|
| 938 |
|
|
|a Baker & Taylor
|b BKTY
|c 59.95
|d 59.95
|i 1403940762
|n 0006447931
|s active
|
| 938 |
|
|
|a Baker and Taylor
|b BTCP
|n 2006048335
|
| 938 |
|
|
|a YBP Library Services
|b YANK
|n 2219140
|
| 948 |
|
|
|a cataloged
|b h
|c 2007/9/21
|d c
|e ceaton
|f 12:27:55 pm
|
| 994 |
|
|
|a C0
|b TXA
|
| 999 |
|
|
|a MARS
|
| 999 |
f |
f |
|s a79cc9a8-0512-3258-a00d-ca56f0f630b4
|i 00b97d6e-0dad-3158-b90d-b57e9a8f2646
|t 0
|
| 952 |
f |
f |
|p normal
|a Texas A&M University
|b College Station
|c Sterling C. Evans Library
|d Evans: Library Stacks
|t 0
|e PR2812 .E84 2006
|h Library of Congress classification
|i unmediated -- volume
|m A14836367330
|
| 998 |
f |
f |
|a PR2812 .E84 2006
|t 0
|l Evans: Library Stacks
|